Pokémon - Quiz général #15 - Statistiques

Statistiques générales
  • Ce quiz a été pris 4 fois
  • Le résultat moyen est 6 sur 10
Statistiques - réponses
Question Réponse % Correct
Quel objet est nécessaire dans la région de Johto afin de libérer le Simularbre bloquant la route 36 ? Carapuce à O
100%
En deuxième génération, la Baie Brûlure permettait de soigner un Pokémon brûlé Faux
100%
Lequel de ces badges est délivré par une arène spécialisée dans le type Normal ?
67%
Dans combien de régions le premier champion d'arène est-il spécialisé dans le type Roche ? 3
67%
De quel type est l'attaque Strido-Son ? Acier
67%
Laquelle de ces attaques n'existait pas encore en première génération ? Glaciation
67%
Laquelle de ces propositions est fausse concernant Électrode ? il est faible face à deux types différents
67%
Dans l'animé, dans un costume de quel Pokémon Sacha rencontre-t-il Léo pour la première fois ? Kabuto
33%
Quel commerce ne trouve-t-on pas à Doublonville ? un effaceur de capacités
33%
Quel Pokémon possède cette description : « Quand il est seul, il ne se passe rien... Mais en groupe, il semble habité par un mystérieux pouvoir. » ? Zarbi
33%
Aucun quiz correspondant
Distribution des résultats
% des personnes avec chaque résultat
Percentile par nombre de réponses
Votre historique - résultats
Vous n’avez pas pris ce quiz